Online
Catalog

De distinta maneras / (Record no. 18807)

MARC details
000 -CABECERA
campo de control de longitud fija 00763nam a2200217 a 4500
001 - NÚMERO DE CONTROL
campo de control 000019289
005 - FECHA Y HORA DE LA ÚLTIMA TRANSACCIÓN
campo de control 20200929165955.0
008 - DATOS DE LONGITUD FIJA--INFORMACIÓN GENERAL
campo de control de longitud fija 100531s1990 cu 000 p spa d
040 ## - FUENTE DE LA CATALOGACIÓN
Centro catalogador/agencia de origen DO-SdBNP
Lengua de catalogación spa
Centro/agencia transcriptor BNPHU
082 ## - NÚMERO DE LA CLASIFICACIÓN DECIMAL DEWEY
Número de clasificación M861.44
Número de documento/Ítem H430d
049 ## - FONDOS LOCALES (OCLC)
Fondos de biblioteca BNGR
100 1# - ENTRADA PRINCIPAL--NOMBRE DE PERSONA
Nombre de persona Hernández Rivera, Sergio,
Fechas asociadas al nombre 1920-1996
9 (RLIN) 41484
245 13 - MENCIÓN DE TÍTULO
Título De distinta maneras /
Mención de responsabilidad, etc. Sergio Hernández Rivera ; edición de Bertha Hernández López.
260 ## - PUBLICACIÓN, DISTRIBUCIÓN, ETC.
Lugar de publicación, distribución, etc. La Habana, Cuba :
Nombre del editor, distribuidor, etc. Unión,
Fecha de publicación, distribución, etc. 1990.
300 ## - DESCRIPCIÓN FÍSICA
Extensión 131, [4] p. ;
Dimensiones 19 cm.
490 1# - MENCIÓN DE SERIE
Mención de serie Contemporáneos
504 ## - NOTA DE BIBLIOGRAFÍA, ETC.
Nota de bibliografía, etc. Incluye referencias bibliográficas y notas al pie de las páginas.
650 #4 - PUNTO DE ACCESO ADICIONAL DE MATERIA--TÉRMINO DE MATERIA
Término de materia o nombre geográfico como elemento de entrada Poesía mexicana
9 (RLIN) 9120
650 #4 - PUNTO DE ACCESO ADICIONAL DE MATERIA--TÉRMINO DE MATERIA
Término de materia o nombre geográfico como elemento de entrada Literatura mexicana
Subdivisión cronológica SIGLO XX
9 (RLIN) 9216
700 1# - PUNTO DE ACCESO ADICIONAL--NOMBRE DE PERSONA
Nombre de persona Hernández López, Bertha,
Término indicativo de función/relación ed.
9 (RLIN) 17039
Holdings
Estado de retiro Estado de pérdida Restricciones de uso No para préstamo Código de colección Localización permanente Ubicación/localización actual Ubicación en estantería Fecha de adquisición Número de inventario Total de préstamos Signatura topográfica completa Código de barras Fecha visto por última vez Precio válido a partir de Tipo de ítem Koha Número de copia
      Excluido de préstamo Monografías: Libros y Folletos General General Depósito 31.05.2010 LF1   M861.44 H430d 19289-10 25.06.2020 25.06.2020 No se presta  
  Extraviado   Excluido de préstamo Monografías: Libros y Folletos General General Extraviado 04.04.2017 LF1   M861.44 H430d 19289-20 25.06.2020 25.06.2020 No se presta e. 2

Powered by Koha